02078cam a2200265 a 4500003000900000005001700009008004100026040002800067041000800095100003200103245023900135246022400374260005000598300003400648502008700682520076500769530002201534653003501556653003301591653003001624700004101654700004501695700003901740856003301779EG-GiCUC20250223031719.0170502s2016 ua h f m 000 0 eng d aEG-GiCUCbengcEG-GiCUC0 aeng0 aAndrew Nasif Tous Abdallah 10aIntima media thickness as an early predictor of atherosclerosis in Egyptian children with familial mediterranean fever / cAndrew Nasif Tous Abdallah ; Supervised Samia Salah Eldin Mahmoud , Nagwa Abdallah Ismail , Yomna Mohamed Farag15aسُمك بطانه الطبقة الوسطى من الوعاء الدموى كمتنبىء مبكر لتصلب الشرايين فى الأطفال المصريين المصابين بحمى البحر المتوسط aCairo : bAndrew Nasif Tous Abdallah , c2016 a84 P. : bfacsimiles ; c25cm aThesis (M.Sc.) - Cairo University - Faculty of Medicine - Department of Pediatrics aThis study is a case control study, its aim is to determine whether the carotid arterial wall thickness is a predictor of early atherosclerosis in FMFpatients compared to healthy controls. The study included 45 familial mediterranean fever patients as the cases group and 45 healthy children as the controls group. The study showed that the mean of the carotid intima media thickness is higher in the cases group (0.05) than the control group (0.04) with statistical significant difference. No correlation was found between CIMT and markers of subclinical inflammation as SAA,ESR and CRP.CIMT didn{u2019}t correlate with lipid profile. So carotid intima media thickness may be used as a tool in the prediction of any atherosclerotic burden in children with FMF aIssued also as CD 4aCarotid intima media thickness 4aFamilial mediterranean fever 4aSubclinical inflammation0 aNagwa Abdallah Ismail , eSupervisor0 aSamia Salah Eldin Mahmoud , eSupervisor0 aYomna Mohamed Farag , eSupervisor uhttp://172.23.153.220/th.pdf